[Event "Morbihan-ch 0506"]
[Site "Arradon"]
[Date "2006.02.11"]
[Round "1"]
[White "Deslias, Gregoire"]
[Black "Dorel, Thierry"]
[Result "1-0"]
[WhiteElo "1490"]
[BlackElo "1499"]
[PlyCount "59"]
[EventDate "2005.10.01"]
[EventType "swiss"]
[EventRounds "7"]
[EventCountry "FRA"]
[SourceTitle "EXT 2007"]
[Source "ChessBase"]
[SourceDate "2006.11.23"]
[SourceVersion "1"]
[SourceVersionDate "2006.11.23"]
[SourceQuality "1"]

1. d4 d5 2. c4 dxc4 3. e4 b5 4. Nc3 a6 5. Nf3 g6 6. Bf4 e6 7. d5 c6 8. Ne5 cxd5 9. exd5 Qf6 10. Bg3 Bc5 11. Ne4 Bb4+ 12. Nc3 Nh6 13. Be2 0-0 14. 0-0 Rd8 15. Ne4 Qe7 16. Nf3 exd5 17. Nc3 Bxc3 18. bxc3 Nf5 19. Bxb8 Rxb8 20. Re1 Qf6 21. Qd2 d4 22. Rad1 d3 23. Bf1 Bb7 24. Ne5 Rd5 25. Qf4 Re8 26. Ng4 Qc6 27. Rxe8+ Kg7 28. Ree1 Rd7 29. Qe5+ Kf8 30. Qh8# 1-0

[Event "Morbihan-ch 0506"]
[Site "Arradon"]
[Date "2005.11.05"]
[Round "2"]
[White "Dorel, Thierry"]
[Black "Le Gal, Loic"]
[Result "0-1"]
[WhiteElo "1499"]
[BlackElo "1380"]
[PlyCount "54"]
[EventDate "2005.10.01"]
[EventType "swiss"]
[EventRounds "7"]
[EventCountry "FRA"]
[SourceTitle "EXT 2007"]
[Source "ChessBase"]
[SourceDate "2006.11.23"]
[SourceVersion "1"]
[SourceVersionDate "2006.11.23"]
[SourceQuality "1"]

1. d4 e5 2. Nf3 e4 3. Nfd2 f5 4. e3 Nf6 5. Nc3 Bb4 6. Ne2 b6 7. Nf4 g6 8. Be2 Bb7 9. c3 Bd6 10. Nc4 Qe7 11. b3 Nd5 12. Nxd5 Bxd5 13. f3 Qh4+ 14. Kd2 Bxc4 15. Bxc4 f4 16. Kc2 Qf2+ 17. Kb1 Qxg2 18. Bd5 Nc6 19. Bxe4 fxe3 20. Bxe3 0-0-0 21. a4 Qh3 22. Qd3 Kb7 23. a5 Ra8 24. Qc4 Rhe8 25. a6+ Kc8 26. Bxc6 Qf5+ 27. Ka2 Qc2# 0-1